Credibility of rules and economic growth: evidence from a worldwide survey of the private sector (Record no. 39936)

000 -LEADER
fixed length control field 00479pab a2200169 454500
008 - FIXED-LENGTH DATA ELEMENTS--GENERAL INFORMATION
fixed length control field 180718b1998 xxu||||| |||| 00| 0 eng d
100 ## - MAIN ENTRY--PERSONAL NAME
Personal name Brunetti, Aymo
245 ## - TITLE STATEMENT
Title Credibility of rules and economic growth: evidence from a worldwide survey of the private sector
260 ## - PUBLICATION, DISTRIBUTION, ETC.
Date of publication, distribution, etc. 1998
300 ## - PHYSICAL DESCRIPTION
Extent p.353-84
362 ## - DATES OF PUBLICATION AND/OR SEQUENTIAL DESIGNATION
Dates of publication and/or sequential designation Sep
650 ## - SUBJECT ADDED ENTRY--TOPICAL TERM
Topical term or geographic name entry element Economic growth
700 ## - ADDED ENTRY--PERSONAL NAME
Personal name Weder, Beatrice
700 ## - ADDED ENTRY--PERSONAL NAME
Personal name Kisunko, Gregory
773 ## - HOST ITEM ENTRY
Main entry heading World Bank Economic Review
909 ## -
-- 39936
Holdings
Withdrawn status Lost status Damaged status Not for loan Permanent Location Current Location Date acquired Serial Enumeration / chronology Barcode Date last seen Price effective from Koha item type
        Indian Institute of Public Administration Indian Institute of Public Administration 2018-07-19 Volume no: 12, Issue no: 3 AR40308 2018-07-19 2018-07-19 Articles

Powered by Koha